<?xml version="1.0" encoding="UTF-8"?>
<record
    xmlns:xsi="http://www.w3.org/2001/XMLSchema-instance"
    xsi:schemaLocation="http://www.loc.gov/MARC21/slim http://www.loc.gov/standards/marcxml/schema/MARC21slim.xsd"
    xmlns="http://www.loc.gov/MARC21/slim">

  <leader>01269    a2200205   4500</leader>
  <controlfield tag="001">58931</controlfield>
  <controlfield tag="005">20260407155843.0</controlfield>
  <controlfield tag="008">260407a    arg                 spa d    </controlfield>
  <controlfield tag="003">AR-UNSa-BCEJYS</controlfield>
  <datafield tag="040" ind1=" " ind2=" ">
    <subfield code="a">AR-UNSa-BCEJYS</subfield>
    <subfield code="b">spa</subfield>
    <subfield code="c">AR-UNSa-BCEJYS</subfield>
  </datafield>
  <datafield tag="080" ind1=" " ind2=" ">
    <subfield code="a">336.226.3</subfield>
    <subfield code="x">Impuestos por el uso de los ingresos. Impuestos al consumo. IVA</subfield>
  </datafield>
  <datafield tag="245" ind1="1" ind2="0">
    <subfield code="a">Impueto al valor agregado</subfield>
    <subfield code="p">An&#xE1;lisis e implemantaci&#xF3;n practica</subfield>
  </datafield>
  <datafield tag="264" ind1=" " ind2="1">
    <subfield code="a">Buenos Aires :</subfield>
    <subfield code="b">ERGON</subfield>
  </datafield>
  <datafield tag="300" ind1=" " ind2=" ">
    <subfield code="a">128 p.</subfield>
    <subfield code="c">25 cm.</subfield>
  </datafield>
  <datafield tag="505" ind1=" " ind2=" ">
    <subfield code="a">1. Introducci&#xF3;n - 2. El I.V.A. antecedentes hist&#xF3;ricos y de la legislaci&#xF3;n comparada - 3. Caracterizaci&#xF3;n del gravamen - 4. Ventajas y desventajas - 5. Objeto - 6. Sujetos del impuesto - 7. Nacimiento del hecho imponible - 8. Base imponible - 9. Cr&#xE9;dito y d&#xE9;bito fiscal - 10. Inscripci&#xF3;n. Responsables inscritos y no inscritos, exentos y consumidores finales - 11. Tasas - 12. Exenciones - 13. Regimen de transici&#xF3;n - 14. Ley 20.631 y decreto reglamentario concordados - 15. Resoluciones generales 1652 y 1653 - 16. Disposiciones conexas con la ley 20.631 - 17. Tabla de correlaciones con disposiciones legales vinculadas con la ley 20.631</subfield>
  </datafield>
  <datafield tag="942" ind1=" " ind2=" ">
    <subfield code="c">BK</subfield>
  </datafield>
  <datafield tag="590" ind1=" " ind2=" ">
    <subfield code="a">niveau_biblio:m niveau_hierar:0</subfield>
  </datafield>
  <datafield tag="100" ind1="1" ind2=" ">
    <subfield code="a">Gr&#xFC;n, Ernesto</subfield>
  </datafield>
  <datafield tag="700" ind1="1" ind2=" ">
    <subfield code="a">Brandstadter, Curt</subfield>
  </datafield>
  <datafield tag="999" ind1=" " ind2=" ">
    <subfield code="c">6520</subfield>
    <subfield code="d">6520</subfield>
  </datafield>
  <datafield tag="952" ind1=" " ind2=" ">
    <subfield code="0">0</subfield>
    <subfield code="1">0</subfield>
    <subfield code="4">0</subfield>
    <subfield code="7">0</subfield>
    <subfield code="a">BCEJYS</subfield>
    <subfield code="b">BCEJYS</subfield>
    <subfield code="c">16</subfield>
    <subfield code="d">2026-04-07</subfield>
    <subfield code="l">0</subfield>
    <subfield code="o">336.226.3 G888</subfield>
    <subfield code="p">L25999</subfield>
    <subfield code="r">2026-04-07 15:58:43</subfield>
    <subfield code="w">2026-04-07</subfield>
    <subfield code="y">L</subfield>
  </datafield>
</record>
